SafraES (Registro n. 765)

Detalhes MARC
000 -LEADER
fixed length control field 00869nas a22002297a 4500
005 - DATE AND TIME OF LATEST TRANSACTION
control field 20260603103112.0
008 - FIXED-LENGTH DATA ELEMENTS--GENERAL INFORMATION
fixed length control field 260603b20202025poru||p| |||| 00| 0 por d
040 ## - CATALOGING SOURCE
Transcribing agency BR-ViAPE
245 ## - TITLE STATEMENT
Title SafraES
260 ## - PUBLICATION, DISTRIBUTION, ETC.
Place of publication, distribution, etc. Guaçuí
Name of publisher, distributor, etc. Contexto Consultoria e Projetos Eireli-me
Date of publication, distribution, etc. 2020-2025
300 ## - PHYSICAL DESCRIPTION
Extent v.
Other physical details il.
310 ## - CURRENT PUBLICATION FREQUENCY
Current publication frequency Irregular
362 ## - DATES OF PUBLICATION AND/OR SEQUENTIAL DESIGNATION
Dates of publication and/or sequential designation Ano 9, n. 41 (mar. 2020) - ano 14, n. 61 (jun. 2025).
500 ## - GENERAL NOTE
General note Disponibilizada apenas a imagem da capa na versão digital, em virtude de restrições de direitos autorais.
500 ## - GENERAL NOTE
General note Coleção incompleta: disponíveis apenas alguns números do periódico.
650 ## - SUBJECT ADDED ENTRY--TOPICAL TERM
Topical term or geographic name entry element Agronegócio
General subdivision Produtor
-- Meio Ambiente
Geographic subdivision Espírito Santo
651 ## - SUBJECT ADDED ENTRY--GEOGRAPHIC NAME
Geographic name Espírito Santo (Brasil)
Form subdivision Periódico
700 ## - ADDED ENTRY--PERSONAL NAME
Personal name Quedevez, Kátia
Relator term Diretor
710 ## - ADDED ENTRY--CORPORATE NAME
Corporate name or jurisdiction name as entry element Contexto Consultoria e Projetos Eireli-me
942 ## - ADDED ENTRY ELEMENTS (KOHA)
Source of classification or shelving scheme Dewey Decimal Classification
Koha item type Periódicos
Suppress in OPAC Yes
Exemplares
Withdrawn status Lost status Source of classification or shelving scheme Damaged status Not for loan Home library Current library Date acquired Total checkouts Date last seen Price effective from Koha item type
    Dewey Decimal Classification     Hemeroteca Digital do Arquivo Público do Estado do Espírito Santo Hemeroteca Digital do Arquivo Público do Estado do Espírito Santo 06/03/2026   06/03/2026 06/03/2026 Periódicos